000 00878nam a2200277 i 4500
001 C2-0336994
003 PPAK
005 20201116143322.0
008 160717s2016 my a|||| ||||| | may d
020 _a9789673820863
_qpaperback
040 _aPPAK
_beng
_cPPAK
_erda
082 0 4 _a338.04
_223
090 0 0 _a338.04
_bAHM
_dK
100 0 _aAhmad Kamal Alias,
_eauthor
245 1 0 _aMerintis Jejak-jejak Usahawan /
_cAHMAD KAMAL ALIAS
264 1 _aKuala Lumpur :
_bBrainmax Enterprise ,
_c2016
300 _a48 pages :
_bcolour photographs ;
_c26 cm
336 _2rdacontent
_atext
337 _2rdamedia
_aunmediated
338 _2rdacarrier
_avolume
490 1 _aMencorak Gaya Hidup Cemerlang
650 1 0 _aEntrepreneurship
_vJuvenile literature.
650 2 0 _aQuality of life
_vJuvenile literature.
830 0 _aMencorak Gaya Hidup Cemerlang
942 _cB
_2ddc
999 _c134710
_d134710